Music Quiz

Random Music or Song Quiz

Lyrics to 'Kryptonite' Quiz Stats

 Plays Quiz not verified by Sporcle

Score 0/282 Timer 10:00
1 Play Today
% Correct
I
99.6%
I
99.6%
I
99.6%
I
99.6%
I
99.6%
I
99.6%
I
99.6%
I
99.6%
I
99.6%
I
99.6%
I
99.6%
I
99.6%
I
99.6%
I
99.6%
I
99.6%
the
97.4%
the
97.4%
the
97.4%
the
97.4%
the
97.4%
the
97.4%
the
97.4%
the
97.4%
the
97.4%
the
97.4%
a
96.4%
whoa-oh-whoahhh
96.4%
whoa-oh-whoahhh
96.4%
whoa-oh-whoahhh
96.4%
you.
95.6%
you
95.6%
you
95.6%
you
95.6%
You
95.6%
you
95.6%
You
95.6%
you
95.6%
You
95.6%
you
95.6%
you
95.6%
you
95.6%
you
95.6%
you
95.6%
you
95.6%
you
95.6%
you
95.6%
you
95.6%
you
95.6%
you
95.6%
my
94.1%
my
94.1%
my
94.1%
my
94.1%
my
94.1%
my
94.1%
my
94.1%
my
94.1%
my
94.1%
my
94.1%
my
94.1%
my
94.1%
my
94.1%
my
94.1%
my
94.1%
me
93.7%
me
93.7%
me
93.7%
me,
93.7%
me
93.7%
me
93.7%
me
93.7%
be
93.3%
be
93.3%
be
93.3%
be
93.3%
be
93.3%
be
93.3%
be
93.3%
to
93%
to
93%
to
93%
to
93%
to
93%
If
92.3%
If
92.3%
if
92.3%
If
92.3%
If
92.3%
If
92.3%
If
92.3%
If
92.3%
If
92.3%
and
92.1%
and
92.1%
% Correct
and
92.1%
and
92.1%
and
92.1%
and
92.1%
and
92.1%
will
91.5%
will
91.5%
will
91.5%
will
91.5%
will
91.5%
will
91.5%
will
91.5%
will
91.5%
will
91.5%
go
91.4%
go
91.4%
go
91.4%
go
91.4%
in
90.3%
of
90.3%
of
90.3%
of
90.3%
in
90.3%
there's
90%
there
90%
there
90%
there
90%
there
90%
Superman?
88.3%
Superman?
88.3%
Superman?
88.3%
Superman?
88.3%
then,
88%
then
88%
then
88%
then
88%
then
88%
then
88%
still
87.9%
still
87.9%
still
87.9%
still
87.9%
still
87.9%
call
87.5%
call
87.5%
call
87.5%
call
87.5%
call
87.5%
call
87.5%
side
87.4%
side
87.4%
side
87.4%
side
87.4%
side
87.4%
side
87.4%
Kryptonite.
87.2%
Kryptonite.
87.2%
Kryptonite.
87.2%
Kryptonite.
87.2%
I'm
86.7%
I'm
86.7%
I'm
86.7%
I'm
86.7%
do,
86.4%
do
86.4%
Well
85.9%
crazy,
85.9%
well
85.9%
hand?
85.9%
crazy,
85.9%
well,
85.9%
hand?
85.9%
crazy,
85.9%
well,
85.9%
hand?
85.9%
crazy,
85.9%
well,
85.9%
hand?
85.9%
holdin'
85.5%
holdin'
85.5%
holdin'
85.5%
holdin'
85.5%
with
84.3%
with
84.3%
with
84.3%
with
84.3%
with
84.3%
by
84.2%
by
84.2%
by
84.2%
by
84.2%
your
84.1%
your
84.1%
not
83.8%
% Correct
time.
83.6%
mind.
83.1%
mind
83.1%
took
82.9%
world
82.9%
world
82.9%
world
82.9%
took
82.9%
walk
82.1%
moon.
82.1%
moon.
82.1%
alive
82.1%
alive
82.1%
alive
82.1%
alive
82.1%
I'll
82%
I'll
82%
I'll
82%
I'll
82%
keep
81.9%
keep.
81.9%
keep
81.9%
keep
81.9%
keep
81.9%
dark
81.7%
dark
81.7%
around
80.7%
for
80.7%
for
80.7%
can
80.1%
superhuman
80.1%
superhuman
80.1%
superhuman
80.1%
superhuman
80.1%
troubled
79.4%
ease
78.8%
on
78.8%
But
78.3%
but
78.3%
left
76.9%
somewhere
76.8%
nothing
76.7%
it
76.5%
body
76.4%
yeah...
76.4%
Yeah!!!!
76.4%
all,
76.1%
all
76.1%
as
75.2%
as
75.2%
end.
74.4%
lyin'
73.9%
what
73.3%
now
73.2%
weak,
73%
sands
72.8%
you'll
72.2%
at
71.9%
friend
71.4%
had
71.2%
up
71.1%
don't
71%
secrets
71%
dead.
70.8%
strong,
70.4%
back
70.4%
down.
70.3%
long
70.1%
you'd
70%
something
69.8%
let
69.5%
ground.
68.9%
put
68.3%
solid
68%
knew
67.7%
never
66.9%
times
66.8%
watched
66.6%
watched
66.6%
granted
66.6%
might,
66.5%
might,
66.5%
might,
66.5%
might,
66.5%
head,
66.1%
really
65.4%
happens
65.2%
picked
62.4%
After
62.1%
bumped
62.1%
feel
61.2%
stumbled
60.3%
float
52.4%
float
52.4%

You're not logged in!

Compare scores with friends on all Sporcle quizzes.
OR
Log In

Show Comments

Extras

Created Jul 13, 2012ReportNominate
Tags:Rock Quiz, Song Quiz, 2000, kryptonite

Top Quizzes Today


Score Distribution

Your Account Isn't Verified!

In order to create a playlist on Sporcle, you need to verify the email address you used during registration. Go to your Sporcle Settings to finish the process.

Report this User

Report this user for behavior that violates our Community Guidelines.

Details: